Statistics for Countries That Produce The Most Cars

Click here to take the quiz!

General Stats

  • This quiz has been taken 237 times
  • The average score is 5 of 6

Answer Stats

Answer% Correct
Japan
97%
India
93%
United States
91%
China
87%
Germany
81%
South Korea
46%

Score Distribution

Percentile by Number Answered

Percent of People with Each Score

Your Score History

You have not taken this quiz